R.E.M. Lyrics - Statistics

General Stats
  • This quiz has been taken 16 times
  • The average score is 12 of 26
Answer Stats
Hint Answer % Correct
Consider this, consider this the hint of the century Losing My Religion
100%
Andy, did you hear about this one? Man on the Moon
87%
Offer me solutions, offer me alternatives and I decline It's the End of the World As We Know It (And I Feel Fine)
80%
A simple prop to occupy my time The One I Love
80%
Don't throw your hand Everybody Hurts
67%
Think about direction Stand
67%
You said that irony was the shackles of youth What's the Frequency, Kenneth?
67%
Buy the sky and sell the sky Fall on Me
53%
Going where nobody says hello, they don't talk to anybody they don't know (Don't Go Back to) Rockville
47%
I'm pushing an elephant up the stairs The Great Beyond
47%
Miles Standish proud / Congratulate me Begin the Begin
40%
The followers of chaos out of control Disturbance at the Heron House
40%
The children look up, all they hear is sky blue bells ringing Driver 8
40%
The time to rise has been engaged Finest Worksong
40%
I need a chance, a second chance, a third chance, a fourth chance Strange Currencies
40%
I read bad poetry into your machine At My Most Beautiful
33%
That's sugar cane / That tasted good Imitation of Life
33%
Straight off the boat, where to go Radio Free Europe
33%
Eastern to Mountain, third party call So. Central Rain
33%
Suspicion yourself, suspicion yourself, don't get caught Wolves, Lower
33%
Come on aboard, I promise you we won't hurt the horse Bandwagon
27%
My carpenter's out and running about and talking to the street Life and How to Live It
27%
Everybody here comes from somewhere Supernatural Superserious
27%
It's a Man Ray kind of sky Feeling Gravitys Pull
13%
I can hear you. Can you hear me? Sitting Still
13%
Postcard stowaway within, pristine indigo without Ages of You
7%
No matching quizzes found
Score Distribution
Percent of People with Each Score
Percentile by Number Answered
Your Score History
You have not taken this quiz